|
|
|
|
| LEADER |
00000nam a2200000 i 4500 |
| 001 |
DIGPUZ0651 |
| 003 |
NyNyDIG |
| 007 |
cr ||||||||||| |
| 008 |
200420s2015 sp ab ob 000 0 spa d |
| 006 |
m o d |
| 035 |
|
|
|a (OCoLC)1019644433
|
| 040 |
|
|
|a DGITA
|b eng
|e rda
|e pn
|c DGITA
|
| 020 |
|
|
|a 9788416935253
|q eBook
|q pdf
|
| 020 |
|
|
|a 8416935254
|q eBook
|q pdf
|
| 020 |
|
|
|z 9788416515325
|
| 020 |
|
|
|z 8416515328
|
| 043 |
|
|
|a e-sp---
|
| 050 |
1 |
4 |
|a DP302.C258 ebook
|
| 082 |
0 |
4 |
|a 946.553
|
| 100 |
1 |
|
|a Sáenz Preciado, J. Carlos,
|e author.
|
| 245 |
1 |
3 |
|a La ciudad celtíbero-romana de Valdeherrera (Calatayud, Zaragoza) /
|c J. Carlos Sáenz Preciado y Manuel A. Martín-Bueno.
|
| 250 |
|
|
|a 1a edición.
|
| 264 |
|
1 |
|a [Zaragoza, España] :
|b Prensas de la Universidad de Zaragoza,
|c 2015.
|
| 300 |
|
|
|a 1 online resource :
|b illustrations, maps.
|
| 336 |
|
|
|a text
|b txt
|2 rdacontent
|
| 337 |
|
|
|a computer
|b c
|2 rdamedia
|
| 338 |
|
|
|a online resource
|b cr
|2 rdacarrier
|
| 490 |
1 |
|
|a Monografías arqueológicas. Arqueología ;
|v 50
|
| 504 |
|
|
|a Includes bibliographical references.
|
| 588 |
0 |
|
|a Online resource; title from PDF title page (Digitalia, viewed April 20, 2020)
|
| 650 |
|
0 |
|a Excavations (Archaeology)
|z Spain
|z Calatayud.
|
| 650 |
|
0 |
|a Celtiberi
|z Spain
|z Calatayud.
|
| 651 |
|
0 |
|a Valdeherrera Site (Spain)
|
| 651 |
|
0 |
|a Calatayud (Spain)
|x Antiquities.
|
| 655 |
|
0 |
|a Electronic books.
|
| 700 |
1 |
|
|a Martín-Bueno, Manuel,
|e author.
|
| 791 |
2 |
|
|a Digitalia (Firm),
|e distributor.
|
| 793 |
0 |
|
|g Digitalia eBook Collection:
|a Prensas Universitarias de Zaragoza
|
| 776 |
0 |
8 |
|i Print version:
|a Sáenz Preciado, J. Carlos.
|t Ciudad celtíbero-romana de Valdeherrera (Calatayud, Zaragoza).
|b 1a edición.
|d Zaragoza, España : Prensas de la Universidad de Zaragoza, 2015
|z 9788416515325
|w (DLC) 2016386160
|w (OCoLC)1080250153
|
| 830 |
|
0 |
|a Monografías arqueológicas (Universidad de Zaragoza. Departamento de Ciencias de la Antigüedad).
|p Arqueología ;
|v 50.
|
| 856 |
4 |
0 |
|3 Digitalia Hispánica
|u https://www.digitaliapublishing.com/a/59250/
|
| 910 |
|
|
|a Premium collection: 2020
|